Low mass star formation and pre-main sequence objects (Record no. 9762)
[ view plain ]
| 000 -LEADER | |
|---|---|
| fixed length control field | 00951nam a2200217Ia 4500 |
| 003 - CONTROL NUMBER IDENTIFIER | |
| control field | IN-BaIIA |
| 008 - FIXED-LENGTH DATA ELEMENTS--GENERAL INFORMATION | |
| fixed length control field | 211028s9999 xx 000 0 eng d |
| 020 ## - INTERNATIONAL STANDARD BOOK NUMBER | |
| International Standard Book Number | 3-923524-33-1 |
| 040 ## - CATALOGING SOURCE | |
| Transcribing agency | IIA Library |
| 080 ## - UNIVERSAL DECIMAL CLASSIFICATION NUMBER | |
| Universal Decimal Classification number | 524.3-52(082.2) |
| Item number | ESO |
| 111 ## - MAIN ENTRY--MEETING NAME | |
| Meeting name or jurisdiction name as entry element | ESO Workshop on Low Mass Star Formation and Pre-Main Sequence Objects |
| Location of meeting | Garching, Germany |
| Date of meeting or treaty signing | 1989 July 11-13 |
| 9 (RLIN) | 16529 |
| 245 #0 - TITLE STATEMENT | |
| Title | Low mass star formation and pre-main sequence objects |
| Remainder of title | proceedings of the ESO workshop on low mass star formation and pre-main sequence objects, held in Garching, Germany, 11-13 July 1989 |
| Statement of responsibility, etc. | edited by Bo. Reipurth |
| 260 ## - PUBLICATION, DISTRIBUTION, ETC. | |
| Place of publication, distribution, etc. | Germany |
| Name of publisher, distributor, etc. | European Southern Observatory |
| Date of publication, distribution, etc. | 1989 |
| 300 ## - PHYSICAL DESCRIPTION | |
| Extent | vi, 499p. |
| 490 ## - SERIES STATEMENT | |
| Series statement | ESO conference and workshop proceedings; no. 33 |
| 650 ## - SUBJECT ADDED ENTRY--TOPICAL TERM | |
| Topical term or geographic name entry element | Astronomy and astrophysics thesaurus |
| 650 ## - SUBJECT ADDED ENTRY--TOPICAL TERM | |
| Topical term or geographic name entry element | Star formation |
| 650 ## - SUBJECT ADDED ENTRY--TOPICAL TERM | |
| Topical term or geographic name entry element | Stellar evolution |
| 700 ## - ADDED ENTRY--PERSONAL NAME | |
| Personal name | Reipurth, Bo., ed. |
| 9 (RLIN) | 16530 |
| 942 ## - ADDED ENTRY ELEMENTS (KOHA) | |
| Koha item type | Books |
| Withdrawn status | Lost status | Damaged status | Not for loan | Home library | Current library | Shelving location | Date acquired | Total Checkouts | Full call number | Barcode | Date last seen | Price effective from | Koha item type | Purchase Price |
|---|---|---|---|---|---|---|---|---|---|---|---|---|---|---|
| IIA Library-Bangalore | IIA Library-Bangalore | General Stacks | 524.3-52(082.2)/ ESO | 10672 | 10/03/2025 | Books | DM 50 |